| 000 | 00473nam a2200181 i 4500 | ||
|---|---|---|---|
| 001 | bg | ||
| 100 | 1 |
_aBIEŃ, Witold _d(1927- ). |
|
| 245 | 0 |
_aInwestycje / _cWitold Bień. |
|
| 260 |
_aWarszawa : _bPWE, _c1982. |
||
| 490 | 1 | _aPolska Reforma Gospodarcza | |
| 650 | 9 |
_aInwestycje _xzagadnienia _zPolska |
|
| 830 | _aPolska Reforma Gospodarcza | ||
| 040 | _cBPK | ||
| 041 | _apol | ||
| 080 | _a338.22(438)"19" | ||
| 942 | _cKS | ||
| 008 | s pl f |000 0 pol | ||
| 999 |
_c21128 _d21128 |
||
| 856 |
_uhttp://koha.tu.koszalin.pl/cgi-bin/koha/opac-detail.pl?biblionumber=21128 _yKatalog online BPK |
||